| 000 | 01341cam a2200349 a 4500 | ||
|---|---|---|---|
| 001 | 4470893 | ||
| 003 | ARRUPE | ||
| 005 | 20150312150511.0 | ||
| 008 | 900126s1989 nyu b 001 0 eng | ||
| 010 | _a89002362 | ||
| 020 | _a0940450437 (alk. paper) : | ||
| 035 | _a(OCoLC)317528063 | ||
| 035 | _a(OCoLC)ocn317528063 | ||
| 035 | _a(NNC)4470893 | ||
| 040 |
_dNNUT _cArrupe |
||
| 043 |
_an-us--- _an-us-il |
||
| 050 | 0 |
_aE457.92 _b1989 |
|
| 090 |
_aE457.92 _b1989 |
||
| 100 | 1 |
_aLincoln, Abraham, _d1809-1865. _94220 |
|
| 245 | 1 | 0 |
_aSpeeches and writings 1832-1858 AND 1859 - 1865: _bspeeches, letters, and miscellaneous writings : the Lincoln-Douglas debates / _cAbraham Lincoln. |
| 260 |
_aNew York : _bLibrary of America : _bDistributed to the trade in the United States and Canada by the Viking Press, _c1989. |
||
| 300 |
_axix, 898 p. ; _c20 cm. |
||
| 490 | 1 |
_aLibrary of America ; _v45 |
|
| 504 | _aIncludes bibliographical references and index. | ||
| 600 | 1 | 0 |
_aLincoln, Abraham, _d1809-1865 _xPolitical career before 1861. _915739 |
| 650 | 0 |
_aLincoln-Douglas Debates, Ill., 1858. _915740 |
|
| 651 | 0 |
_aIllinois _xPolitics and government _yTo 1865. _915741 |
|
| 651 | 0 |
_aUnited States _xPolitics and government _y1849-1861. _915742 |
|
| 830 | 0 |
_aLibrary of America ; _v45. _915743 |
|
| 942 |
_2lcc _cMONOGRAPH |
||
| 999 |
_c122261 _d122261 |
||